000 00306nam a2200121Ia 4500
005 20251222143218.0
008 251222s9999||||xx |||||||||||||| ||spa||
082 _a270/L45
100 _aLopetegui, León
245 0 _aHistoria de la Iglesia en la América Española:
264 _bCatólica
942 _cLIB
999 _c13717
_d13717